[Event "FISU World University"]
[Site "Tornelo INT"]
[Date "2020.10.28"]
[Round "7.37"]
[White "Mendez Gonzalez, Jose Armando"]
[Black "Ketipearachchi, Dilanka Hideo"]
[Result "0-1"]
[WhiteElo "1588"]
[BlackElo "1510"]
[PlyCount "54"]
[EventDate "2020.10.26"]
[EventType "team-swiss (rapid)"]
[EventRounds "9"]
[EventCountry "NET"]
[SourceTitle "CBM 199 Extra"]
[Source "ChessBase"]
[SourceDate "2021.01.31"]
[SourceVersion "1"]
[SourceVersionDate "2021.01.31"]
[SourceQuality "1"]
[WhiteTeam "Costa Rica III"]
[BlackTeam "Sri Lanka V"]
[WhiteTeamCountry "CRI"]
[BlackTeamCountry "SRI"]

1. e4 c5 2. Nc3 d6 3. f4 Nc6 4. Bc4 e6 5. d3 Nf6 6. Bb3 Be7 7. Nf3 a6 8. a4 Rb8 9. 0-0 b5 10. axb5 axb5 11. Qe1 b4 12. Ne2 Na5 13. Ba4+ Bd7 14. Bxd7+ Nxd7 15. Qg3 0-0 16. f5 Re8 17. Bh6 g6 18. fxe6 fxe6 19. Ng5 Bf8 20. Bxf8 Nxf8 21. Nf4 Nc6 22. c3 bxc3 23. bxc3 Rb3 24. Qh4 Rb7 25. Rab1 Ra7 26. Nfxe6 Nxe6 27. Nxe6 Qxh4 0-1

[Event "FISU World University"]
[Site "Tornelo INT"]
[Date "2020.10.26"]
[Round "2.31"]
[White "Ketipearachchi, Dilanka Hideo"]
[Black "Rosales Schulz, Robin"]
[Result "0-1"]
[WhiteElo "1510"]
[BlackElo "2133"]
[PlyCount "74"]
[EventDate "2020.10.26"]
[EventType "team-swiss (rapid)"]
[EventRounds "9"]
[EventCountry "NET"]
[SourceTitle "CBM 199 Extra"]
[Source "ChessBase"]
[SourceDate "2021.01.31"]
[SourceVersion "1"]
[SourceVersionDate "2021.01.31"]
[SourceQuality "1"]
[WhiteTeam "Sri Lanka V"]
[BlackTeam "Chile II"]
[WhiteTeamCountry "SRI"]
[BlackTeamCountry "CHI"]

1. d4 d5 2. c4 e6 3. Nc3 Nf6 4. cxd5 exd5 5. Bg5 Be7 6. Nf3 0-0 7. e3 c6 8. Be2 Bg4 9. 0-0 Nbd7 10. a3 Ne4 11. Bxe7 Qxe7 12. Qc2 f5 13. Rfe1 Rf6 14. Qb3 Rb8 15. Rac1 Kh8 16. Rc2 Rh6 17. Rec1 Bxf3 18. Bxf3 Qh4 19. Nxd5 g5 20. Bxe4 Qxh2+ 21. Kf1 fxe4 22. Ne7 Qh1+ 23. Ke2 Qxg2 24. Rf1 g4 25. Nf5 Qf3+ 26. Ke1 Qxf5 27. Rd2 Nb6 28. Qc2 Nd5 29. b4 Rf8 30. Qc4 g3 31. fxg3 Qxf1+ 32. Qxf1 Rxf1+ 33. Kxf1 Nxe3+ 34. Ke2 Nd5 35. g4 Rh2+ 36. Ke1 Rxd2 37. Kxd2 Kg7 0-1